Państwa na "N" - Statystyki

Ogólne statystyki
  • Ten quiz został rozwiązany 130 razy
  • Średni wynik to 7 z 9
Statystyki odpowiedzi
Państwo % Poprawnych
Niger
89%
Nigeria
89%
Norwegia
89%
Nowa Zelandia
81%
Namibia
71%
Nepal
71%
Niemcy
69%
Nikaragua
68%
Nauru
62%
Nie znaleziono quizów pasujących do podanych kryteriów
Rozkład punktacji
Procent ludzi z każdym wynikiem
Percentyl według liczby udzielonych odpowiedzi
Twoja historia wyników
Nie rozwiązałeś tego quizu